[Event "World Amateur-ch"]
[Site "Neos Marmaras"]
[Date "2012.04.20"]
[Round "7"]
[White "Theodoropoulos, Nikolaos"]
[Black "Manelidis, Savvas"]
[Result "0-1"]
[WhiteElo "1754"]
[BlackElo "1915"]
[PlyCount "110"]
[EventDate "2012.04.16"]
[EventType "swiss"]
[EventRounds "9"]
[EventCountry "GRE"]
[SourceTitle "CBM 148 Extra"]
[Source "ChessBase"]
[SourceDate "2012.06.22"]
[SourceVersion "1"]
[SourceVersionDate "2012.06.22"]
[SourceQuality "1"]

1. e4 e5 2. Nf3 Nc6 3. Bb5 a6 4. Bxc6 dxc6 5. d4 exd4 6. Qxd4 Bg4 7. Qxd8+ Rxd8 8. Ke2 Nf6 9. Bg5 Be7 10. Bxf6 Bxf6 11. c3 0-0 12. h3 Bh5 13. Nbd2 Rfe8 14. Rad1 Bg6 15. Nh2 Bg5 16. Nhf3 Bxe4 17. Nxg5 Bxg2+ 18. Nge4 Bxh1 19. Rxh1 f5 20. f3 fxe4 21. fxe4 Rxd2+ 22. Kxd2 Rxe4 23. Kd3 Rh4 24. Ke3 Kf7 25. Kf3 Rh6 26. Rh2 Rd6 27. Re2 c5 28. Re5 b6 29. Re2 b5 30. Kg3 c4 31. Rc2 c5 32. Kf3 Rd3+ 33. Kg4 b4 34. a3 a5 35. h4 Rd1 36. Kf4 Rh1 37. Kg4 bxa3 38. bxa3 Ra1 39. Kf4 Rxa3 40. Ke5 Ra1 41. Kd5 Rh1 42. Kxc4 Rxh4+ 43. Kxc5 g5 44. c4 g4 45. Kb6 g3 46. c5 Rg4 47. Rg2 h5 48. c6 h4 49. Kb5 Ke7 50. Rd2 h3 51. c7 Rg8 52. Rd3 g2 53. Rg3 Rc8 54. Kc6 h2 55. Kb7 Rxc7+ 0-1